Statistics for Formula 1 Drivers by Nationality

Click here to take the quiz!

General Stats

  • This quiz has been taken 1,011 times
  • The average score is 28 of 40

Answer Stats

Total drivers #Answer% Correct
161United Kingdom
98%
52Germany
97%
158United States
97%
70France
95%
98Italy
95%
31Brazil
93%
15Spain
93%
17Australia
90%
9Finland
89%
20Japan
89%
2Russia
89%
13Canada
87%
6Mexico
87%
25Argentina
86%
16Netherlands
85%
16Austria
82%
10Sweden
82%
5Portugal
80%
24Belgium
78%
3Monaco
75%
1Poland
75%
23South Africa
74%
8New Zealand
72%
5Denmark
70%
24Switzerland
68%
3Colombia
67%
2India
67%
3Venezuela
63%
1Hungary
60%
1Thailand
58%
5Ireland
57%
1Chile
53%
1Morocco
43%
1Czech Republic
42%
1Malaysia
40%
1Indonesia
39%
4Uruguay
31%
1Liechtenstein
21%
5Rhodesia
20%
4East Germany
8%

Score Distribution

Percentile by Number Answered

Percent of People with Each Score

Your Score History

You have not taken this quiz